Quiz Coupe de France - Statistiques

Statistiques générales
  • Ce quiz a été pris 130 fois
  • Le résultat moyen est 7 sur 21
Statistiques - réponses
Hint Réponse % Correct
Quels clubs de deuxième division ont remporté la Coupe de France? Le Havre AC
100%
Quel club historique n'a plus gagné la CDF depuis 1989 ? Olympique de Marseille
84%
Quel est le stade de la finale de la Coupe de France depuis 1998 ? Stade de France
82%
Qui a gagné la coupe de France 2023 ? Toulouse FC
78%
Face a qui ? FC Nantes
75%
Quel entraineur emblématique de l'AJ Auxerre a remporté 4 fois la CDF? Guy Roux
66%
Quel club a gagné le plus de Coupe de France ? Paris Saint Germain
62%
Combien de victoires a t-elle eu ? 14
48%
Quel club de National a t-il crée la surpris en 2018 en allant jusqu'en finale ? Les Herbiers
40%
Quels clubs de deuxième division ont remporté la Coupe de France? En avant de Guingamp
25%
Quelle équipe a gagné un match 32-0 ? RC Lens
21%
En quelle année la coupe ne fut pas attribuée ? 1992
20%
Pourquoi ? Furiani
15%
Alain Roche
7%
Quel club a fait 6 finales de CDF, dont 2 victoires ? FC SETE
7%
Quel club de 4eme division est allé en finale ? Calais RUFC
3%
Quels joueurs ont gagnés la CDF 5 fois ( avec au moins une victoires dans 2 clubs différents ) ? Dominique Bathenay
3%
Face à qui ? Auby-Asturies
1%
Quel club disparu en 1951 vainqueur 2 fois de la CDF n'a jamais perdu en finale ? CA Sports généraux
1%
Quel club a remporté sa seconde CDF 70 ans après sa première ? FC Sochaux-Montbéliard
1%
Qui remets la coupe en 1945 ? Général Koenig
1%
Aucun quiz correspondant
Distribution des résultats
% des personnes avec chaque résultat
Percentile par nombre de réponses
Votre historique - résultats
Vous n’avez pas pris ce quiz